Statistics for Fifty States in Two Minutes

Click here to take the quiz!

General Stats

  • This quiz has been taken 486 times
  • The average score is 34 of 50

Answer Stats

Answer% Correct
Pennsylvania
100%
Florida
84%
California
83%
Alabama
82%
New York
82%
Alaska
82%
Maine
79%
Arizona
77%
Washington
75%
Hawaii
75%
Idaho
75%
Arkansas
75%
Georgia
75%
New Mexico
74%
Colorado
73%
Texas
73%
North Carolina
72%
Oregon
71%
Michigan
71%
Illinois
71%
South Carolina
71%
North Dakota
71%
Delaware
71%
Ohio
70%
Kansas
69%
South Dakota
69%
Iowa
69%
New Jersey
69%
Maryland
67%
Nevada
66%
Montana
65%
New Hampshire
65%
Indiana
65%
Virginia
64%
Vermont
63%
Kentucky
63%
Mississippi
62%
Wyoming
62%
Massachusetts
61%
Minnesota
59%
Louisiana
59%
Utah
59%
Connecticut
59%
Nebraska
58%
West Virginia
58%
Oklahoma
57%
Missouri
57%
Wisconsin
57%
Tennessee
56%
Rhode Island
55%

Score Distribution

Percentile by Number Answered

Percent of People with Each Score

Your Score History

You have not taken this quiz